ბათუმის შოთა რუსთაველის სახელმწიფო უნივერსიტეტის ბიბლიოთეკა

ქართველთა უძველესი სარწმუნოებისა და მის გადმონაშთებთან ბრძოლის ისტორიიდან / (ბიბ.ჩანაწერი № 38151)

000 -ლიდერი
ფიქსირებული სიგრძის საკონტროლო ველი 01721nam a2200265Ia 4500
001 - საკონტროლო ნომერი
საკონტროლო ველი 4141
003 - საკონტროლო ნომრის იდენტიფიკატორი
საკონტროლო ველი GE_BSU
005 - ბოლო ოპერაციის თარიღი და დრო
საკონტროლო ველი 20190918122025.0
008 - ფიქსირებული სიგრძის მონაცემთა ელემენტები - ზოგადი ინფორმაცია
ფიქსირებული სიგრძის საკონტროლო ველი 181216s1964||||ge |||||||||||||| ||geo||
040 ## - კატალოგიზაციის წყარო
Transcribing agency GE_BSU
041 ## - ენის კოდი
Language code of text/sound track or separate title geo
080 ## - უნივერსალური ათობითი კლასიფიკაციის ინდექსი
Universal Decimal Classification number 39(479.22)+398(479.22) ს-75
100 ## - მთავარი ჩანაწერი - პიროვნების სახელი
Personal name სოხაძე, ა.
9 (RLIN) 488
245 ## - ცნობა სათაურის შესახებ
Title ქართველთა უძველესი სარწმუნოებისა და მის გადმონაშთებთან ბრძოლის ისტორიიდან /
Statement of responsibility, etc ივ. ჯავახიშვილის სახ. ინ–ტი; ს. ჯანაშიას სახ. საქ. სახელმწ. მუზეუმი.
264 ## - წარმოების, გამოცემის, დისტრიბუციის და სხვა ცნობები
გამოცემის, წარმოების, დისტრიბუციის... ადგილი თბ. :
გამოცემის, წარმოების, დისტრიბუციის... სახელწოდება საბჭ. საქართველო,
გამოცემის, წარმოების, დისტრიბუციის... თარიღი 1964.
300 ## - ფიზიკური აღწერა
Extent 142 გვ. ;
Other physical details 21 სმ.
490 ## - სერიის ცნობა
Series statement ეთნოგრაფიულ და ანთროპოლოგიურ მეცნიერებათა VII საერთაშორისო კონგრესისათვის
520 ## - SUMMARY, ETC.
Summary, etc რეზ. რუს. ენ.
653 ## - INDEX TERM--UNCONTROLLED
Uncontrolled term ქართველების ეთნოგრაფია
653 ## - INDEX TERM--UNCONTROLLED
Uncontrolled term ქართველთა უძველესი სარწმუნოება
653 ## - INDEX TERM--UNCONTROLLED
Uncontrolled term რელიგიის ისტორია საქართველოში
653 ## - INDEX TERM--UNCONTROLLED
Uncontrolled term ათეიზმის ისტორია საქართველოში
710 ## - ADDED ENTRY--CORPORATE NAME
Corporate name or jurisdiction name as entry element ივ. ჯავახიშვილის სახ. ისტორიის ინ-ტი
Subordinate unit ს. ჯანაშიას სახ. საქ. სახელმწ. მუზეუმი
9 (RLIN) 4085
942 ## - ADDED ENTRY ELEMENTS (KOHA)
Koha item type წიგნი
Source of classification or shelving scheme
ეგზემპლარები
ჩამოწერის სტატუსი დაკარგული ეგზემპლარის სტატუსი კლასიფიკაციის წყარო ან თაროზე გაწყობის სქემა დაზიანების სტატუსი არ გაიცემა მუდმივი მდებარეობა (დაცვის ადგილი) ამჟამინდელი ადგილსამყოფელი თაროზე განთავსების ადგილი შეძენის თარიღი ღირებულება, შესყიდვის ნორმალური ფასი სრული შენახვის შიფრი შტრიხკოდი ბოლო ოპერაციის თარიღი ეგზემპლარის მიმდევრობითი ნომერი (კეტერი?) ფასის ძალაში შესვლის თარიღი ეგზემპლარის სახეობა საჯარო შენიშვნა
          ბათუმის შოთა რუსთაველის სახელმწიფო უნივერსიტეტის მთავარი ბიბლიოთეკა ბათუმის შოთა რუსთაველის სახელმწიფო უნივერსიტეტის მთავარი ბიბლიოთეკა წიგნსაცავი 2018-12-17 2.00 39(479.22)+398(479.22) ს-75 5689 2018-12-17 5689 2018-12-17 წიგნი 2 ლ.